[Event "OLNW 1718 Bremer SG - SV Hellern"]
[Site "?"]
[Date "2018.04.15"]
[Round "9.4"]
[White "Issing, Peter"]
[Black "Happe, Reinhold"]
[Result "1/2-1/2"]
[WhiteElo "2196"]
[BlackElo "2139"]
[PlyCount "88"]
[EventDate "2018.??.??"]

1. d4 d5 2. c4 c6 3. Nf3 Nf6 4. Qc2 g6 5. Bf4 Bg7 6. e3 O-O 7. Nc3 Na6 8. h3 c5
9. a3 cxd4 10. exd4 dxc4 11. Bxc4 Qb6 12. O-O Bf5 13. Qb3 Qxb3 14. Bxb3 Rac8
15. Rfe1 e6 16. g4 Bd3 17. Ne5 g5 18. Bxg5 Bg6 19. Red1 Ne4 20. Nxg6 Nxc3 21.
Nxf8 Nxd1 22. Nxe6 Nxb2 23. Nxg7 Kxg7 24. Rb1 Nd3 25. Bd5 Nc7 26. Bc4 Ne6 27.
Bxe6 fxe6 28. Rxb7+ Kg6 29. Be3 h5 30. gxh5+ Kxh5 31. Rh7+ Kg6 32. Rxa7 Kf5 33.
f3 Rb8 34. Ra5+ Kf6 35. Bg5+ Kg6 36. h4 Rb3 37. Ra6 Kf5 38. Ra5+ Kg6 39. Ra8
Ne1 40. f4 Rb2 41. Rd8 Nf3+ 42. Kf1 Kf5 43. d5 Rd2 44. dxe6 Nh2+ 1/2-1/2

[Event "OLNW 1718 Bremer SG - SV Hellern"]
[Site "?"]
[Date "2018.04.15"]
[Round "9.5"]
[White "Weist, Thorben"]
[Black "Juhnke, Karl"]
[Result "1/2-1/2"]
[WhiteElo "2077"]
[BlackElo "2142"]
[PlyCount "65"]
[EventDate "2018.??.??"]

1. e4 c5 2. Nf3 d6 3. d4 cxd4 4. Nxd4 Nf6 5. Nc3 a6 6. Bg5 e6 7. f4 h6 8. Bh4
Be7 9. Qf3 Qc7 10. O-O-O Nbd7 11. Be2 Rg8 12. Qg3 b5 13. Bxf6 Nxf6 14. e5 Nd7
15. Bf3 d5 16. Nxe6 fxe6 17. Qg6+ Kd8 18. Nxd5 exd5 19. Bxd5 Rf8 20. Bxa8 Qc4
21. e6 Rf6 22. Qxg7 Qxe6 23. Rhe1 Qf7 24. Qxf7 Rxf7 25. g3 Rf6 26. Bd5 Bd6 27.
Re6 Kc7 28. c3 Rxe6 29. Bxe6 Bb7 30. Bd5 Bc8 31. Be6 Bb7 32. Bd5 Bc8 33. Be6 {
(=)} 1/2-1/2

[Event "OLNW 1718 Bremer SG - SV Hellern"]
[Site "?"]
[Date "2018.04.15"]
[Round "9.6"]
[White "Giel, Olaf"]
[Black "Bade, Hans-Juergen"]
[Result "1/2-1/2"]
[WhiteElo "2147"]
[BlackElo "1998"]
[PlyCount "89"]
[EventDate "2018.??.??"]

1. d4 c5 2. e3 e6 3. Bd3 Nf6 4. Nf3 b6 5. Qe2 Bb7 6. O-O Be7 7. e4 cxd4 8. Nxd4
d6 9. Bb5+ Nfd7 10. Nc3 O-O 11. f4 a6 12. Bd3 Nc5 13. Be3 Nbd7 14. Rf3 Re8 15.
Rh3 Nxd3 16. cxd3 g6 17. Nf3 f5 18. Bf2 Bf6 19. d4 b5 20. a3 fxe4 21. Nxe4 Bxe4
22. Qxe4 Nb6 23. Bh4 Bxh4 24. Rxh4 Ra7 25. Ng5 Qf6 26. Rd1 Rc7 27. Qe1 Nd5 28.
Ne4 Qd8 29. Rg4 Nf6 30. Rg5 Nxe4 31. Qxe4 Qf6 32. h4 Rec8 33. Rd2 Rc1+ 34. Kh2
Kf7 35. h5 R8c7 36. Rd3 Rf1 37. Rdg3 Rxf4 38. hxg6+ hxg6 39. Qxg6+ Qxg6 40.
Rxg6 Rh4+ 41. Kg1 Rc1+ 42. Kf2 Rxd4 43. Rg7+ Kf6 44. Ke3 Rdd1 45. R3g6+ {(=)}
1/2-1/2

[Event "OLNW 1718 Bremer SG - SV Hellern"]
[Site "?"]
[Date "2018.04.15"]
[Round "9.7"]
[White "Lewin, Tammo"]
[Black "Peters, Frank"]
[Result "1-0"]
[WhiteElo "2039"]
[BlackElo "2075"]
[PlyCount "61"]
[EventDate "2018.??.??"]

1. d4 g6 2. c4 Bg7 3. e4 d6 4. Nc3 e5 5. Nge2 Nd7 6. Be3 c6 7. f3 Qe7 8. Qd2
Ngf6 9. O-O-O O-O 10. Kb1 Re8 11. d5 c5 12. g4 Rf8 13. Ng3 Ne8 14. Bd3 Nc7 15.
h4 a6 16. h5 Rb8 17. Bh6 f6 18. hxg6 hxg6 19. Bxg7 Qxg7 20. Nf5 gxf5 21. gxf5
Kf7 22. Rdg1 Rg8 23. Rxg7+ Rxg7 24. Rh8 Nf8 25. Qh2 Ne8 26. Nd1 Bd7 27. Ne3 Rg8
28. Qh5+ Kg7 29. Rh6 Nc7 30. Ng4 Be8 31. Qh4 1-0

[Event "OLNW 1718 Bremer SG - SV Hellern"]
[Site "?"]
[Date "2018.04.15"]
[Round "9.8"]
[White "Rust-Lux, Klaus"]
[Black "Boehme, Andre"]
[Result "1-0"]
[WhiteElo "2066"]
[BlackElo "1860"]
[PlyCount "103"]
[EventDate "2018.??.??"]

1. Nf3 d6 2. g3 Nf6 3. d4 g6 4. Bg2 Bg7 5. c4 O-O 6. O-O Nbd7 7. Nc3 h6 8. e4
e5 9. h3 a6 10. Qc2 Rb8 11. Rd1 Qe7 12. dxe5 Nxe5 13. Nxe5 dxe5 14. Be3 Be6 15.
Nd5 Bxd5 16. cxd5 Rfc8 17. Rd3 Ne8 18. Rc3 Kh7 19. Rc1 Qf6 20. h4 Bf8 21. Qb3
b6 22. Rc6 Bd6 23. Qc2 Rd8 24. Qd2 Qg7 25. Qe2 a5 26. Bh3 Nf6 27. f3 Ng8 28.
Kg2 Ne7 29. Rxc7 Bxc7 30. Rxc7 Qf6 31. Qc2 Kg7 32. f4 Nxd5 33. exd5 Rxd5 34.
fxe5 Qxe5 35. Bf4 Qe1 36. Qc3+ Qxc3 37. bxc3 Re8 38. Kf2 g5 39. hxg5 hxg5 40.
Be3 b5 41. Rb7 Kg6 42. Bg4 f5 43. Rb6+ Kg7 44. Bf3 Rd3 45. Bxg5 Rxc3 46. Bh5
Rc2+ 47. Kf3 Re5 48. Rb7+ Kg8 49. Bf6 Rec5 50. Rg7+ Kf8 51. Rh7 R2c3+ 52. Kg2
1-0

[Event "OLNW 1718 SC Tempo Göttingen - Delmenh"]
[Site "?"]
[Date "2018.04.15"]
[Round "9.1"]
[White "Warakomski, Tomasz"]
[Black "Armbrust, Florian"]
[Result "1-0"]
[WhiteElo "2510"]
[BlackElo "2305"]
[PlyCount "49"]
[EventDate "2018.??.??"]

1. e4 d5 2. exd5 Qxd5 3. Nc3 Qd6 4. d4 Nf6 5. Nf3 g6 6. Nb5 Qd8 7. Bf4 Nd5 8.
Be5 f6 9. Bg3 c6 10. Nc3 Nxc3 11. bxc3 Qa5 12. Bd3 Qxc3+ 13. Kf1 b6 14. Kg1 Bh6
15. h4 Bg4 16. Rb1 O-O 17. h5 Bxh5 18. Rxh5 gxh5 19. Nh4 Qd2 20. Qxh5 Qg5 21.
Qe2 e5 22. Qe4 Rf7 23. Bc4 Nd7 24. Qxc6 Rd8 25. Qc7 1-0

[Event "OLNW 1718 SC Tempo Göttingen - Delmenh"]
[Site "?"]
[Date "2018.04.15"]
[Round "9.2"]
[White "Kyas, Marcel"]
[Black "Korsus, Bernd"]
[Result "0-1"]
[WhiteElo "2211"]
[BlackElo "2321"]
[PlyCount "62"]
[EventDate "2018.??.??"]

1. Nf3 c5 2. c4 e6 3. Nc3 a6 4. g3 b6 5. Bg2 Bb7 6. O-O Nf6 7. d4 cxd4 8. Qxd4
d6 9. Bg5 Nbd7 10. e4 Qc7 11. Rac1 Rc8 12. Nd5 exd5 13. cxd5 Qd8 14. e5 dxe5
15. Nxe5 Bc5 16. Qf4 Bd6 17. Nxd7 Qxd7 18. Qe3+ Qe7 19. Rxc8+ Bxc8 20. Qxb6 O-O
21. Rc1 Bb7 22. Bxf6 gxf6 23. Qd4 Qe5 24. Qg4+ Kh8 25. Rd1 Re8 26. Qd7 Re7 27.
Qd8+ Kg7 28. h3 Bc5 29. Rd3 Qe1+ 30. Kh2 Qxf2 31. h4 Re2 0-1

[Event "OLNW 1718 SC Tempo Göttingen - Delmenh"]
[Site "?"]
[Date "2018.04.15"]
[Round "9.3"]
[White "Hedke, Fred"]
[Black "Boettcher, Christian"]
[Result "1/2-1/2"]
[WhiteElo "2270"]
[BlackElo "2186"]
[PlyCount "38"]
[EventDate "2018.??.??"]

1. e4 c6 2. c4 d5 3. cxd5 cxd5 4. exd5 Nf6 5. Nc3 Nbd7 6. Nf3 a6 7. a4 Nb6 8.
d4 Nbxd5 9. Be2 e6 10. O-O Be7 11. Ne5 O-O 12. Bf3 Qd6 13. a5 Rb8 14. Nc4 Qc7
15. Nxd5 Nxd5 16. Bxd5 exd5 17. Nb6 Be6 18. Qf3 Bd6 19. h3 Rbd8 {(=)} 1/2-1/2

[Event "OLNW 1718 SC Tempo Göttingen - Delmenh"]
[Site "?"]
[Date "2018.04.15"]
[Round "9.4"]
[White "Schmidt, Alexander"]
[Black "Margraf, Daniel"]
[Result "1-0"]
[WhiteElo "2105"]
[BlackElo "2200"]
[PlyCount "66"]
[EventDate "2018.??.??"]

1. e4 e5 2. Nf3 d6 3. d4 exd4 4. Nxd4 Nf6 5. Nc3 Be7 6. Bf4 O-O 7. g3 c6 8. Bg2
Nbd7 9. O-O Ne5 10. h3 Re8 11. a4 Bf8 12. Bg5 h6 13. Bc1 a6 14. f4 Ned7 15. Re1
Nc5 16. Kh2 Qc7 17. b4 Ncd7 18. Nde2 a5 19. b5 Nc5 20. Nd4 Bd7 21. Ba3 Rad8 22.
Qd2 d5 23. exd5 Rxe1 24. Qxe1 cxd5 25. Nxd5 Nxd5 26. Bxd5 Bxh3 27. c4 Bc8 28.
Qe3 Qd7 29. Re1 Nxa4 30. Bxf8 Rxf8 31. f5 Nb6 32. Ne6 Nxc4 33. Bxc4 Re8 1-0

[Event "OLNW 1718 SC Tempo Göttingen - Delmenh"]
[Site "?"]
[Date "2018.04.15"]
[Round "9.5"]
[White "Steingraeber, Kai Uwe"]
[Black "Seemann, Semjon"]
[Result "1/2-1/2"]
[WhiteElo "2063"]
[BlackElo "2091"]
[PlyCount "47"]
[EventDate "2018.??.??"]

1. d4 Nf6 2. c4 e6 3. Nf3 b6 4. Nc3 Bb7 5. Qc2 Bb4 6. Bd2 O-O 7. e3 d5 8. cxd5
exd5 9. Bd3 Nbd7 10. O-O Re8 11. Rfc1 a6 12. Ne2 Bd6 13. Ng3 g6 14. a3 Ne4 15.
Bb4 c5 16. dxc5 bxc5 17. Be1 Ndf6 18. Nd2 Nxg3 19. hxg3 Qb6 20. Be2 Rac8 21.
Rab1 Ne4 22. Nxe4 dxe4 23. Bc4 Bc6 24. Bc3 {(=)} 1/2-1/2

[Event "OLNW 1718 SC Tempo Göttingen - Delmenh"]
[Site "?"]
[Date "2018.04.15"]
[Round "9.6"]
[White "Liebig, Stefan"]
[Black "Silber, Kevin"]
[Result "0-1"]
[WhiteElo "2098"]
[BlackElo "2274"]
[PlyCount "40"]
[EventDate "2018.??.??"]

1. Nf3 d5 2. b4 Nf6 3. e3 Bg4 4. Be2 Nbd7 5. d4 e6 6. a3 a5 7. b5 a4 8. O-O Ne4
9. c4 dxc4 10. Bxc4 Nb6 11. Bd3 Qd5 12. Qc2 Bxf3 13. gxf3 Ng5 14. Nd2 Bd6 15.
Be4 Nxe4 16. Qxe4 Qxb5 17. Qxb7 Bxh2+ 18. Kxh2 Qh5+ 19. Kg2 Qg6+ 20. Kh2 Ra5
0-1

[Event "OLNW 1718 SC Tempo Göttingen - Delmenh"]
[Site "?"]
[Date "2018.04.15"]
[Round "9.7"]
[White "Steffens, Oliver"]
[Black "Markgraf, Stefan"]
[Result "1/2-1/2"]
[WhiteElo "1880"]
[BlackElo "2071"]
[PlyCount "45"]
[EventDate "2018.??.??"]

1. e4 e5 2. Nf3 Nc6 3. Bb5 a6 4. Bxc6 dxc6 5. O-O Bg4 6. h3 Bxf3 7. Qxf3 Nf6 8.
d3 Bd6 9. Bg5 Be7 10. Nd2 Nd7 11. Be3 O-O 12. Nc4 Bg5 13. Qg3 Bxe3 14. Nxe3 Qf6
15. Rad1 Rae8 16. Nf5 Qg6 17. f4 Qxg3 18. Nxg3 c5 19. Nf5 Nb6 20. b3 g6 21.
Nh6+ Kg7 22. Ng4 Nd7 23. f5 {(=)} 1/2-1/2

[Event "OLNW 1718 SC Tempo Göttingen - Delmenh"]
[Site "?"]
[Date "2018.04.15"]
[Round "9.8"]
[White "Petzold, Lutz Lukas"]
[Black "Sturm, Tobias"]
[Result "1-0"]
[WhiteElo "2249"]
[BlackElo "2031"]
[PlyCount "73"]
[EventDate "2018.??.??"]

1. e4 c5 2. Nf3 d6 3. d4 cxd4 4. Nxd4 Nf6 5. Nc3 a6 6. h3 g6 7. Be3 Bg7 8. Qd2
b5 9. f3 Bb7 10. O-O-O Nbd7 11. Bh6 Bxh6 12. Qxh6 Qc7 13. Kb1 O-O-O 14. Nb3 Kb8
15. a4 b4 16. Na2 a5 17. Bb5 Rc8 18. Qd2 Nc5 19. Nac1 Ncxe4 20. fxe4 Nxe4 21.
Qd3 Nf2 22. Qe2 Nxh1 23. Rxh1 e5 24. Rd1 f5 25. Rd2 Be4 26. Ba6 Qb6 27. Bxc8
Rxc8 28. g3 d5 29. Nd3 Ka7 30. Nxe5 Qg1+ 31. Ka2 Qxg3 32. Nd3 Kb6 33. Nf2 Qf3
34. Qb5+ Kc7 35. Qxa5+ Kd6 36. Qa6+ Rc6 37. Qxc6+ 1-0

[Event "OLNW 1718 SV Werder Bremen III - Hameln"]
[Site "?"]
[Date "2018.04.15"]
[Round "9.1"]
[White "Bode, Wilfried"]
[Black "Kardoeus, David"]
[Result "1-0"]
[WhiteElo "2349"]
[BlackElo "2229"]
[PlyCount "49"]
[EventDate "2018.??.??"]

1. d4 Nf6 2. Nf3 g6 3. Nbd2 d5 4. e3 c5 5. dxc5 Qa5 6. a3 Nc6 7. Be2 Bf5 8. Nd4
Qxc5 9. Nxf5 gxf5 10. b4 Qd6 11. Bb2 Rg8 12. c4 Rxg2 13. Bf3 Rg6 14. cxd5 Ne5
15. Qa4+ Nfd7 16. Bxe5 Qxe5 17. Rc1 f4 18. Ke2 fxe3 19. Nc4 Qb8 20. Nxe3 b5 21.
Qc2 Bh6 22. d6 Bxe3 23. fxe3 Ne5 24. Qe4 Nxf3 25. Qxe7# 1-0

[Event "OLNW 1718 SV Werder Bremen III - Hameln"]
[Site "?"]
[Date "2018.04.15"]
[Round "9.2"]
[White "Steffens, Olaf"]
[Black "Tonndorf, Matthias"]
[Result "0-1"]
[WhiteElo "2233"]
[BlackElo "2229"]
[PlyCount "118"]
[EventDate "2018.??.??"]

1. b3 e5 2. Bb2 Nc6 3. e3 Nf6 4. Bb5 Bd6 5. Na3 a6 6. Bxc6 dxc6 7. Nc4 Qe7 8.
Ne2 b5 9. Nxd6+ cxd6 10. O-O O-O 11. Qe1 Bd7 12. f4 Nd5 13. a3 c5 14. Qg3 f6
15. e4 Nb6 16. Qh4 c4 17. Bc3 a5 18. Qf2 Rfb8 19. d4 cxd3 20. cxd3 Be6 21. b4
Na4 22. Bd2 axb4 23. Bxb4 Nc5 24. Qe3 Qa7 25. d4 exd4 26. Nxd4 Bd7 27. Kh1 Re8
28. e5 dxe5 29. Nxb5 Bxb5 30. Bxc5 Qa4 31. Rf2 Rad8 32. h3 Rd3 33. Qe1 exf4 34.
Qb4 Qxb4 35. axb4 Bc6 36. b5 Rxh3+ 37. Kg1 Rh5 38. bxc6 Rxc5 39. Ra6 Rc8 40.
Rxf4 R5xc6 41. Rxc6 Rxc6 42. Kh2 g5 43. Ra4 Kg7 44. Rb4 Kg6 45. Ra4 h5 46. Ra2
h4 47. Rb2 g4 48. Ra2 Kg5 49. Rb2 Rc1 50. g3 hxg3+ 51. Kxg3 Rc3+ 52. Kg2 f5 53.
Rb5 Re3 54. Kf2 Rf3+ 55. Kg2 Kh4 56. Ra5 Rf4 57. Rb5 g3 58. Rb8 Rf2+ 59. Kg1
Ra2 0-1

[Event "OLNW 1718 SV Werder Bremen III - Hameln"]
[Site "?"]
[Date "2018.04.15"]
[Round "9.3"]
[White "van Son, Lutz"]
[Black "Lai Hop, Duong"]
[Result "0-1"]
[WhiteElo "2172"]
[BlackElo "2183"]
[PlyCount "82"]
[EventDate "2018.??.??"]

1. e4 d5 2. exd5 Qxd5 3. Nc3 Qd6 4. d4 Nf6 5. Nf3 c6 6. Be3 Bg4 7. h3 Bh5 8. g4
Bg6 9. Ne5 Nbd7 10. Nc4 Qc7 11. Qd2 Nb6 12. Bf4 Qd8 13. O-O-O e6 14. f3 Nfd5
15. Ne4 Nxc4 16. Bxc4 Bb4 17. Qh2 Nxf4 18. Qxf4 Be7 19. Kb1 a5 20. h4 h6 21. h5
Bh7 22. Rhe1 O-O 23. Qe3 a4 24. f4 a3 25. g5 axb2 26. Rg1 Kh8 27. gxh6 gxh6 28.
f5 exf5 29. Qxh6 Rg8 30. Bxf7 Rxg1 31. Rxg1 Qxd4 32. Rf1 Qg7 33. Qe6 fxe4 34.
h6 Qg5 35. Qd7 Qe5 36. Be6 Qd6 37. Qxb7 Rb8 38. Qa7 Rd8 39. Qb7 Qxe6 40. Qxb2+
Bf6 41. Rxf6 Rd1+ 0-1

[Event "OLNW 1718 SV Werder Bremen III - Hameln"]
[Site "?"]
[Date "2018.04.15"]
[Round "9.4"]
[White "Elmali, Timur"]
[Black "Renner, Kai"]
[Result "1/2-1/2"]
[WhiteElo "2117"]
[BlackElo "2151"]
[PlyCount "129"]
[EventDate "2018.??.??"]

1. d4 f5 2. Bg5 h6 3. Bh4 g5 4. e4 Nf6 5. e5 e6 6. exf6 Qxf6 7. Bg3 f4 8. Nf3
Nc6 9. Bd3 d5 10. O-O Bd7 11. c3 Bd6 12. Nbd2 O-O 13. b4 Be8 14. Qc2 Ne7 15.
Rae1 Bg6 16. Ne5 Bxe5 17. Rxe5 Bxd3 18. Qxd3 Ng6 19. Re2 Rae8 20. Nf3 fxg3 21.
hxg3 c6 22. Qe3 a6 23. Rfe1 Re7 24. Nh2 Kg7 25. a4 Qf5 26. Nf3 Rfe8 27. Qd2 Rf8
28. Re3 Rfe8 29. Qe2 Qg4 30. b5 axb5 31. axb5 Rc8 32. Rxe6 Rxe6 33. Qxe6 Qxe6
34. Rxe6 cxb5 35. Rb6 Rxc3 36. Rxb7+ Kf6 37. Rb6+ Kf7 38. Rxb5 Rc1+ 39. Kh2 Rc2
40. Rxd5 Rxf2 41. Rd7+ Kf6 42. Rh7 g4 43. Nh4 Ne7 44. Rxh6+ Kf7 45. Kg1 Rd2 46.
Rd6 Nc8 47. Rd5 Ne7 48. Re5 Nc6 49. Rf5+ Ke6 50. Rf4 Rxd4 51. Kf2 Rb4 52. Rxb4
Nxb4 53. Ke3 Ke5 54. Ng6+ Kf5 55. Nf4 Nc6 56. Nd3 Ne5 57. Kd4 Nc6+ 58. Kd5 Ne7+
59. Kd6 Ng8 60. Nf2 Nf6 61. Kc5 Nh5 62. Nh1 Ke4 63. Nf2+ Kf5 64. Nh1 Ke4 65.
Nf2+ 1/2-1/2

[Event "OLNW 1718 SV Werder Bremen III - Hameln"]
[Site "?"]
[Date "2018.04.15"]
[Round "9.5"]
[White "Schmidt, Dennis"]
[Black "Krallmann, Matthias"]
[Result "1/2-1/2"]
[WhiteElo "2038"]
[BlackElo "2144"]
[PlyCount "39"]
[EventDate "2018.??.??"]

1. e4 e5 2. Nc3 Nf6 3. Bc4 Nxe4 4. Qh5 Nd6 5. Bb3 Be7 6. Nf3 Nc6 7. Nxe5 g6 8.
Nxc6 dxc6 9. Qd1 O-O 10. d3 Nf5 11. O-O Nd4 12. Be3 Nxb3 13. axb3 f5 14. Bh6
Re8 15. Re1 Bf6 16. Rxe8+ Qxe8 17. Qd2 Be6 18. Qf4 Qd7 19. Re1 Re8 20. Qd2 {(=)
} 1/2-1/2

[Event "OLNW 1718 SV Werder Bremen III - Hameln"]
[Site "?"]
[Date "2018.04.15"]
[Round "9.6"]
[White "Brinkmann, Fabian"]
[Black "Gerstmann, Frank"]
[Result "0-1"]
[WhiteElo "2117"]
[BlackElo "2144"]
[PlyCount "52"]
[EventDate "2018.??.??"]

1. e4 c5 2. Nf3 d6 3. d4 cxd4 4. Nxd4 Nf6 5. Nc3 a6 6. Bg5 e6 7. f4 Be7 8. Qf3
Nbd7 9. O-O-O Qc7 10. g4 b5 11. Bxf6 Nxf6 12. g5 Nd7 13. f5 Ne5 14. Qh5 g6 15.
Qh4 b4 16. Nce2 exf5 17. exf5 Bb7 18. Bh3 Bxh1 19. Rxh1 d5 20. Nf4 Qc4 21. f6
Qxd4 22. fxe7 Nc4 23. Re1 Qxb2+ 24. Kd1 Qd4+ 25. Ke2 Ra7 26. Kf3 Ne5+ 0-1

[Event "OLNW 1718 SV Werder Bremen III - Hameln"]
[Site "?"]
[Date "2018.04.15"]
[Round "9.7"]
[White "Koch, Yannick"]
[Black "Franke, Reiner"]
[Result "1-0"]
[WhiteElo "2032"]
[BlackElo "2274"]
[PlyCount "57"]
[EventDate "2018.??.??"]

1. d4 d5 2. c4 e6 3. Nc3 Nf6 4. cxd5 exd5 5. Bg5 Be7 6. e3 c6 7. Qc2 h6 8. Bh4
Ne4 9. Bxe7 Qxe7 10. Nxd5 cxd5 11. Qxc8+ Qd8 12. Bb5+ Nc6 13. Bxc6+ bxc6 14.
Qxc6+ Ke7 15. Qa4 Qb6 16. Qa3+ Qd6 17. Qxd6+ Kxd6 18. f3 Ng5 19. Kd2 Rab8 20.
Rb1 Rb7 21. Ne2 Rhb8 22. b3 Re7 23. Nc3 Ne6 24. Rbc1 f5 25. Kd3 g5 26. h4 Rg7
27. hxg5 Rxg5 28. Rxh6 Rxg2 29. Ne2 1-0

[Event "OLNW 1718 SV Werder Bremen III - Hameln"]
[Site "?"]
[Date "2018.04.15"]
[Round "9.8"]
[White "Heldt, Nils-Lennart"]
[Black "Wehrmann, Henning"]
[Result "1-0"]
[WhiteElo "2094"]
[BlackElo "1835"]
[PlyCount "67"]
[EventDate "2018.??.??"]

1. d4 g6 2. Bf4 Bg7 3. e3 Nc6 4. Nf3 d6 5. h3 e5 6. Bh2 exd4 7. exd4 Bf5 8. c3
Qe7+ 9. Be2 O-O-O 10. O-O g5 11. Re1 Qf6 12. Nbd2 h5 13. d5 Nce7 14. Nd4 Bd7
15. Nb5 Bxb5 16. Bxb5 Qg6 17. Nb3 f5 18. Nd4 f4 19. Ne6 Be5 20. Nxd8 Kxd8 21.
Bd3 Qf7 22. Qa4 g4 23. Qxa7 g3 24. Qb8+ Nc8 25. fxg3 fxg3 26. Bxg3 Bxg3 27. Rf1
Nf6 28. Rf3 Be5 29. Bf5 Nd7 30. Bxd7 Qxd7 31. Raf1 Ke8 32. Rf7 Qd8 33. Rxc7 Ne7
34. Qxb7 1-0